Sports Quiz

Random Sports Quiz
Score 0/28 Timer 05:00
0 Plays Today
Yards Player % Correct
329Calvin Johnson
98.8%
229Andre Johnson
98.1%
273Andre Johnson
97.5%
244Calvin Johnson
96.9%
226Demaryius Thomas
96.3%
214Calvin Johnson
95.7%
207Calvin Johnson
95.7%
223T.Y. Hilton
92.5%
224Dez Bryant
91.3%
225Kenny Britt
83.9%
209Jordy Nelson
82.6%
216Vincent Jackson
80.4%
212Reggie Wayne
80.4%
210DeSean Jackson
80.4%
Yards Player % Correct
200Reggie Wayne
80.4%
249Alshon Jeffery
77.6%
218Alshon Jeffery
76.1%
209Mike Evans
71.7%
253Brian Hartline
70.2%
237Josh Gordon
70.2%
261Josh Gordon
69.6%
217Wes Welker
67.4%
201Roddy White
65.2%
236Justin Blackmon
64%
225Calvin Johnson
57.1%
208Anquan Boldin
50%
213Malcolm Floyd
41.3%
222Terrell Owens
30.4%
Remove Ads.
Support Sporcle.
Get the best of Sporcle when you Go Orange. This ad-free experience offers more features, more stats, and more fun while also helping to support Sporcle. Thank you for becoming a member.

You're not logged in!

Compare scores with friends on all Sporcle quizzes.
OR
Log In

Show Comments

Extras

Top Quizzes Today


Score Distribution

Your Account Isn't Verified!

In order to create a playlist on Sporcle, you need to verify the email address you used during registration. Go to your Sporcle Settings to finish the process.

Report this User

Report this user for behavior that violates our Community Guidelines.

Details: